| 000 | 003580000a22001570004500 | ||
|---|---|---|---|
| 001 | 004013 | ||
| 003 | MACL | ||
| 040 | _aMACL | ||
| 090 |
_c16006 _d16005 |
||
| 100 | _aNandi, Ramendra Nath | ||
| 245 |
_aAryans Revisited _cRamendra Nath Nandi |
||
| 260 |
_aMunshiram manoharlal Publishers, _c2001 |
||
| 350 | _a350 | ||
| 650 | _aReligion | ||
| 942 |
_k295 _cBook |
||
| 999 |
_c15905 _d15905 |
||